| 000 | 01001nam1a22002651i 4500 | ||
|---|---|---|---|
| 001 | RU\NLR\INFOCOMM_116\5000067850 | ||
| 005 | 20260406005945.0 | ||
| 035 | _a(NLR Aleph) 009161367 | ||
| 090 |
_a8456024 _c8456024 |
||
| 100 | _a20100203d1921 |||y0rusy50 ba | ||
| 101 | 1 |
_apol _crus |
|
| 102 | _aRU | ||
| 105 | _ay ||||000|y | ||
| 200 | 1 |
_aElementarz komunizmu _ePopul. objaśnienie progr. Komun. partji Rosji (bolszewików) _fN. Bucharin i E. Preobrażeński _gPrzekł. z ros. pod red. S. Borskiego |
|
| 210 |
_aM. etc. _cTrybuna _d1921 |
||
| 215 | _d27 см | ||
| 686 |
_aФ61(2)01 _2rubbk |
||
| 700 | 1 |
_4070 _8rus _7ba _aBucharin _bN. I. _cгос. деятель _f1888-1938 _gNikolaj Ivanovič _3RU\NLR\AUTH\77115422 _998347 |
|
| 701 | 1 |
_4070 _7ba _8rus _aPreobraženskij _bE. A. _f1886-1937 _gEvgenij Alekseevič _9200426 _3RU\NLR\AUTH\770200477 |
|
| 790 | 1 |
_9z01701 _aPreobrażeński _bE. _4070 |
|
| 801 | 1 |
_aRU _bNLR _c20100203 |
|
| 801 | 0 |
_aRU _bNLR _gPSBO |
|
| 852 |
_aNLR _j26.21.6.1 |
||
| 942 | _cBOOK | ||